000 00352pab a2200145 454500
008 180718b2004 xxu||||| |||| 00| 0 eng d
100 _aNair, B.R.
245 _aVillage co-operatives - a century of service to the nation
260 _c2004
300 _ap.46-47,49.
362 _aMar
650 _aCooperatives
773 _aYojana
909 _a59742
999 _c59742
_d59742